| 000 | 00942nam a22002417a 4500 | ||
|---|---|---|---|
| 003 | DO-SdBNP | ||
| 005 | 20211117092332.0 | ||
| 007 | ta | ||
| 008 | 211117b2021 dr ab||| |||| 00| 0 spa d | ||
| 020 | _a9789945618372 | ||
| 040 |
_aDO-SdBNP _bspa _cBNPHU |
||
| 100 | 1 |
_aCruz Lantigua, Benito, _d1944- _980643 |
|
| 245 | 1 | 0 |
_aGuía metodológica para conocer más y mejor las sagradas escrituras / _cBenito Cruz Lantigua ; prólogo Pbro. Dionelli Rosario. |
| 260 |
_aSanto Domingo : _bAmigo del Hogar, _c2021. |
||
| 300 |
_av. : _bil., mapas ; _c27 cm. |
||
| 490 |
_aPensando en la formación biblica y espiritual de los fieles laicos ; _v2 |
||
| 500 | _aIncluye datos biográficos del autor en las solapas. | ||
| 590 | _aInventariado, 2021 /LP | ||
| 700 | 1 |
_aRosario, Dionelli, _eprólogo _980644 |
|
| 830 | 0 |
_aPensando en la formación biblica y espiritual de los fieles laicos ; _980645 _n2 |
|
| 910 | _aLopérez | ||
| 942 |
_2ddc _cLBS1 |
||
| 999 |
_c50980 _d50980 |
||